Statistics for Languages of Random Countries

Click here to take the quiz!

General Stats

  • This quiz has been taken 27 times
  • The average score is 18 of 20

Answer Stats

CountryLanguage(s)% Correct
AlbaniaAlbanian
100%
KosovoAlbanian/Serbian
100%
United Arab EmiratesArabic
100%
YemenArabic
100%
LebanonArabic
100%
MauritaniaArabic
100%
BahrainArabic
100%
SudanArabic/English
100%
ChadArabic/French
100%
AlgeriaArabic/Tamazight
100%
BelarusBelarussian/Russian
100%
BangladeshBengali
100%
Bosnia and HerzegovinaBosnian/Croatian/Serbian
100%
CroatiaCroatian
100%
BarbadosEnglish
100%
JamaicaEnglish
100%
GambiaEnglish
100%
TuvaluEnglish
100%
NigeriaEnglish
100%
GhanaEnglish
100%
United KingdomEnglish
100%
Solomon IslandsEnglish
100%
GuyanaEnglish
100%
BahamasEnglish
100%
GrenadaEnglish
100%
KiribatiEnglish
100%
United StatesEnglish
100%
Trinidad and TobagoEnglish
100%
AustraliaEnglish
100%
Saint Vincent and the GrenadinesEnglish
100%
MalawiEnglish/Chichewa
100%
FijiEnglish/Fijian/Fiji Hindi
100%
PhilippinesEnglish/Filipino
100%
CameroonEnglish/French
100%
CanadaEnglish/French
100%
RwandaEnglish/French/Kinyarwanda/Swahili
100%
New ZealandEnglish/Maori
100%
NauruEnglish/Nauruan
100%
PalauEnglish/Palauan
100%
UgandaEnglish/Swahili
100%
EswatiniEnglish/Swazi
100%
PakistanEnglish/Urdu
100%
Burkina FasoFrench
100%
SenegalFrench
100%
Democratic Republic of the CongoFrench
100%
BeninFrench
100%
FranceFrench
100%
HaitiFrench/Haitian Creole
100%
MadagascarFrench/Malagasy
100%
Equatorial GuineaFrench/Portuguese/Spanish
100%
LiechtensteinGerman
100%
GreeceGreek
100%
IcelandIcelandic
100%
IndonesiaIndonesian/Javanese
100%
San MarinoItalian
100%
Vatican CityItalian
100%
KazakhstanKazakh/Russian
100%
LaosLao
100%
LithuaniaLithuanian
100%
NorwayNorwegian/Sami
100%
EthiopiaOromo/Amharic/Somali/Tigrinya
100%
IranPersian
100%
Cape VerdePortuguese
100%
PortugalPortuguese
100%
AngolaPortuguese
100%
SerbiaSerbian
100%
SlovakiaSlovak
100%
HondurasSpanish
100%
CubaSpanish
100%
MexicoSpanish
100%
Dominican RepublicSpanish
100%
El SalvadorSpanish
100%
Costa RicaSpanish
100%
ArgentinaSpanish
100%
PeruSpanish/Aymara/Quechua
100%
BoliviaSpanish/Quechua/Aymara/Guaraní
100%
SwedenSwedish
100%
TurkeyTurkish
100%
TurkmenistanTurkmen
100%
UkraineUkrainian
100%
UzbekistanUzbek
100%
BruneiMalay/English
50%
MaldivesDhivehi
33%
MontenegroAlbanian/Croatian/Serbian
0%
QatarArabic
0%
OmanArabic
0%
Saudi ArabiaArabic
0%
EgyptArabic
0%
LibyaArabic
0%
SyriaArabic
0%
SomaliaArabic
0%
JordanArabic
0%
IraqArabic
0%
ComorosArabic/Comorian/French
0%
DjiboutiArabic/French
0%
TunisiaArabic/French
0%
MoroccoArabic/Tamazight
0%
ArmeniaArmenian
0%
AzerbaijanAzerbaijani
0%
BulgariaBulgarian
0%
MyanmarBurmese
0%
AndorraCatalan
0%
Czech RepublicCzech/Slovak
0%
DenmarkDanish
0%
SurinameDutch
0%
NetherlandsDutch
0%
BelgiumDutch/French/German
0%
BhutanDzongkha
0%
NamibiaEnglish
0%
Antigua and BarbudaEnglish
0%
KenyaEnglish
0%
MauritiusEnglish
0%
SamoaEnglish
0%
DominicaEnglish
0%
South SudanEnglish
0%
ZambiaEnglish
0%
Marshall IslandsEnglish
0%
TanzaniaEnglish
0%
Sierra LeoneEnglish
0%
LiberiaEnglish
0%
Saint LuciaEnglish
0%
Saint Kitts and NevisEnglish
0%
BelizeEnglish
0%
VanuatuEnglish/French
0%
SeychellesEnglish/French/Seychellois Creole
0%
Papua New GuineaEnglish/Hiri Motu/Tok Pisin
0%
IrelandEnglish/Irish
0%
SingaporeEnglish/Malay/Mandarin Chinese/Tamil
0%
TongaEnglish/Tongan
0%
BotswanaEnglish/Tswana
0%
Federated States of MicronesiaEnglish/Woleaian
0%
EstoniaEstonian
0%
FinlandFinnish/Spanish
0%
TogoFrench
0%
Ivory CoastFrench
0%
NigerFrench
0%
Central African RepublicFrench
0%
MonacoFrench
0%
Republic of the CongoFrench
0%
GuineaFrench
0%
GabonFrench
0%
MaliFrench
0%
SwitzerlandFrench/German/Italian/Romansh
0%
LuxembourgFrench/German/Luxembourgish
0%
BurundiFrench/Kirundi/English
0%
GeorgiaGeorgian
0%
GermanyGerman
0%
CyprusGreek/Turkish
0%
IsraelHebrew
0%
IndiaHindi/English
0%
HungaryHungarian
0%
ItalyItalian
0%
JapanJapanese
0%
CambodiaKhmer
0%
South KoreaKorean
0%
North KoreaKorean
0%
KyrgyzstanKyrgyz/Russian
0%
LatviaLatvian
0%
North MacedoniaMacedonian/Albanian
0%
MalaysiaMalay
0%
MaltaMaltese/English
0%
ChinaMandarin Chinese
0%
TaiwanMandarin Chinese
0%
MongoliaMongolian
0%
NepalNepali
0%
AfghanistanPashto/Dari
0%
PolandPolish
0%
Guinea-BissauPortuguese
0%
São Tomé and PríncipePortuguese
0%
MozambiquePortuguese
0%
BrazilPortuguese
0%
East TimorPortuguese/Tetum
0%
RomaniaRomanian
0%
MoldovaRomanian
0%
RussiaRussian
0%
ZimbabweShona/Ndebele/English
0%
Sri LankaSinhala/Tamil
0%
SloveniaSlovene
0%
LesothoSotho/English
0%
EcuadorSpanish
0%
SpainSpanish
0%
ChileSpanish
0%
PanamaSpanish
0%
NicaraguaSpanish
0%
ColombiaSpanish
0%
UruguaySpanish
0%
GuatemalaSpanish
0%
VenezuelaSpanish
0%
ParaguaySpanish/Guaraní
0%
KuwaitStandard Arabic
0%
TajikistanTajik
0%
ThailandThai
0%
EritreaTigrinya
0%
VietnamVietnamese
0%
South AfricaZulu/Xhosa/Afrikaans/Sepedi
0%

Score Distribution

Percentile by Number Answered

Percent of People with Each Score

Your Score History

You have not taken this quiz